MARC

Tag First Indicator Second Indicator Subfields
LEADER 00000cas a2200000 4500
001 in00000055735
005 20151008052308.0
008 760512c19149999ksuuu s0uuua1eng d
035 |a (OCoLC)02172668 
035 |9 AAH2677AM 
040 |a UDI  |c UDI  |d COO  |d TXA  |d UtOrBLW 
049 |a TXAE 
090 |a T178  |b .K35 
110 2 |a Kansas State University.  |b Engineering Experiment Station. 
222 0 |a Bulletin - Engineering Experiment Station  |b (Manhattan) 
245 1 0 |a Bulletin. 
264 1 |a Manhattan.  |b [publisher not identified] ; 
300 |a  volumes :  |b illustrations ;  |c 24 cm. 
336 |a text  |b txt  |2 rdacontent 
337 |a unmediated  |b n  |2 rdamedia 
338 |a volume  |b nc  |2 rdacarrier 
362 0 |a no. 1- 1914- 
490 1 |a Kansas State University bulletin 
550 |a Vols. for 1914-58 published by the station under the university's earlier name: Kansas State College of Agriculture and Applied Science. 
580 |a Includes its Research activities, which began publication in 1954. 
650 0 |a Engineering  |x Research. 
650 0 |a Engineering. 
710 1 2 |a Kansas.  |b State College of Agriculture and Applied Science, Manhattan.  |b Engineering Experiment Station.  |t Bulletin. 
710 2 2 |a Kansas State University.  |b Engineering Experiment Station.  |t Research activities. 
730 0 2 |a Research activities. 
760 0 |t Kansas State University bulletin 
777 1 |a Kansas. State University of Agriculture and Applied Science, Manhattan. Engineering Experiment Station.  |t Research activities 
830 0 |a Kansas State University bulletin. 
999 |a MARS 
999 f f |s d5dc2d4b-bfc2-3442-896d-4f8e241ec1aa  |i f7f08459-8207-3a51-9295-b196fd16f770  |t 0 
952 f f |p normal  |a Texas A&M University  |b College Station  |c Sterling C. Evans Library  |d Evans: Library Stacks  |t 0  |e T178 .K35  |h Library of Congress classification  |i unmediated -- volume  |k no.17-31  |l 1926-1932  |m A14825795978 
952 f f |p normal  |a Texas A&M University  |b College Station  |c Sterling C. Evans Library  |d Evans: Library Stacks  |t 0  |e T178 .K35  |h Library of Congress classification  |i unmediated -- volume  |k no.1-16  |l 1914:Dec.-1925:July 1  |m A14834798268 
952 f f |p normal  |a Texas A&M University  |b College Station  |c Sterling C. Evans Library  |d Evans: Library Stacks  |t 0  |e T178 .K35  |h Library of Congress classification  |i unmediated -- volume  |k no.61-70  |l 1949-1953  |m A14823714049 
998 f f |a T178 .K35  |s no.1-101 (1914-1970)  |t 0  |l Evans: Library Stacks